| 000 | 00476nam a22001937a 4500 | ||
|---|---|---|---|
| 003 | CEME | ||
| 005 | 20210628202213.0 | ||
| 008 | 210208b xxu||||| |||| 00| 0 eng d | ||
| 020 | _a0-02-418940-5 | ||
| 040 | _c. | ||
| 082 | _a658.4034 TAH'O | ||
| 100 |
_aTaha, Hamdy A _98609 |
||
| 245 | _aOperations research an introduction | ||
| 250 | _a4TH | ||
| 260 |
_aNEWYORK _bMACMILLAN _c1987 |
||
| 300 | _aXV, 876P | ||
| 650 |
_aOPERATIONS RESEARC _958748 |
||
| 942 |
_cBK _2ddc |
||
| 999 |
_c568868 _d568868 |
||